Statistics for Countries With Eleven Letters

Click here to take the quiz!

General Stats

  • This quiz has been taken 107 times
  • The average score is 5 of 10

Answer Stats

Country% Correct
Afghanistan
73%
South Africa
73%
Burkina Faso
63%
Philippines
60%
Saudi Arabia
56%
Switzerland
56%
Netherlands
49%
Sierra Leone
46%
Côte d'Ivoire
40%
Vatican City
28%

Score Distribution

Percentile by Number Answered

Percent of People with Each Score

Your Score History

You have not taken this quiz